<?xml version="1.0" encoding="UTF-8"?>
<record
    xmlns:xsi="http://www.w3.org/2001/XMLSchema-instance"
    xsi:schemaLocation="http://www.loc.gov/MARC21/slim http://www.loc.gov/standards/marcxml/schema/MARC21slim.xsd"
    xmlns="http://www.loc.gov/MARC21/slim">

  <leader>03458nam a22003977a 4500</leader>
  <controlfield tag="003">CHAP</controlfield>
  <controlfield tag="005">20251023105327.0</controlfield>
  <controlfield tag="008">060217d2005    mx      r     00110 spa d</controlfield>
  <datafield tag="010" ind1=" " ind2=" ">
    <subfield code="a">91720</subfield>
  </datafield>
  <datafield tag="011" ind1=" " ind2=" ">
    <subfield code="a">92692</subfield>
  </datafield>
  <datafield tag="035" ind1=" " ind2=" ">
    <subfield code="a">103257</subfield>
  </datafield>
  <datafield tag="040" ind1=" " ind2=" ">
    <subfield code="c">CHAP</subfield>
  </datafield>
  <datafield tag="090" ind1=" " ind2=" ">
    <subfield code="a">Tesis</subfield>
  </datafield>
  <datafield tag="100" ind1="0" ind2="0">
    <subfield code="a">Loera Mart&#xED;nez, Jes&#xFA;s.</subfield>
  </datafield>
  <datafield tag="245" ind1="1" ind2="3">
    <subfield code="a">La subasta de CETES :</subfield>
    <subfield code="b">un mecanismo de intervenci&#xF3;n gubernamental en el mercado financiero mexicano/</subfield>
    <subfield code="c">por Jes&#xFA;s Loera Mart&#xED;nez; director Miguel Angel Mart&#xED;nez Dami&#xE1;n.</subfield>
  </datafield>
  <datafield tag="264" ind1=" " ind2="1">
    <subfield code="a">Chapingo, M&#xE9;x. :</subfield>
    <subfield code="b">El autor,</subfield>
    <subfield code="c">2005.</subfield>
  </datafield>
  <datafield tag="300" ind1=" " ind2=" ">
    <subfield code="a">131 h. :</subfield>
    <subfield code="b">anexos</subfield>
  </datafield>
  <datafield tag="502" ind1=" " ind2=" ">
    <subfield code="b">Doctor en ciencias en Econom&#xED;a Agr&#xED;cola.</subfield>
    <subfield code="c">Divisi&#xF3;n de Ciencias Econ&#xF3;mico Administrativas,</subfield>
    <subfield code="d">2005.</subfield>
  </datafield>
  <datafield tag="520" ind1=" " ind2=" ">
    <subfield code="a">Esta investigaci&#xF3;n tuvo como prop&#xF3;sito cuantificar la relaci&#xF3;n estad&#xED;stica entre el d&#xE9;ficit p&#xFA;blico presupuestario (DEFPUB), la deuda p&#xFA;blica interna (DPINT), la deuda p&#xFA;blica externa (DPEXT), el monto colocado de Cetes mediante las subastas (MONCOL), la tasa Cetes (TASAC) y la tasa de inter&#xE9;s de mercado (TIIE). La hip&#xF3;tesis plantea que si aumenta (DEFPUB), pueden aumentar (DPINT) (DPEXT) al aumentar (MONCOL) y aumentan tambi&#xE9;n tanto (TASAC) as&#xED; como (TIlE), por lo que existe una relaci&#xF3;n estad&#xED;stica positiva o directa entre esas&#x2122; variables. Los materiales fueron series estad&#xED;sticas mensuales obtenidas de Banxico y SHCP, abarcando de enero de 1995 a febrero de 2005. Como herramientas de an&#xE1;lisis se utilizaron las matrices de los &#xED;ndices de correlaci&#xF3;n calculados entre las variables y los modelos de regresi&#xF3;n lineal m&#xFA;ltiple procesados. Se consideraron significativos los &#xED;ndices de correlaci&#xF3;n (p) con un nivel de probabilidad menor a 0.05, y fueron: entre DEFPUB y MONCOL, 0.5601; DPINT y MONCOL, 0.8574; TASAC y TIIE, 0.9947; los valores de probabilidad fueron 0.0001, en todos los casos. En el modelo de regresi&#xF3;n que consider&#xF3; la TIIE como variable dependiente, los coeficientes de regresi&#xF3;n confirmaron la relaci&#xF3;n estad&#xED;stica positiva de &#xE9;sta con las variables exploratorias siguientes: 0.0000016 DEFPUB, 0.000272 MONCOL &#x443; 0.996191 TASAC, con un coeficiente de determinaci&#xF3;n R&#xB2;-0.9976. Con el modelo de regresi&#xF3;n para MONCOL, result&#xF3;: 25.813716 TASAC, 0.004275 DPINT; con un R&#xB2;=0.7603. Los resultados obtenidos con ambas t&#xE9;cnicas est&#xE1;n en concordancia con los postulados te&#xF3;ricos del Modelo IS-LM y permiten concluir que el gobierno federal, a trav&#xE9;s de las subastas de Cetes que realiza el Banco de M&#xE9;xico cada semana, influye en la determinaci&#xF3;n de la tasa de inter&#xE9;s de mercado. La sugerencia es que el gobierno no deber&#xED;a colocar deuda p&#xFA;blica para financiar su d&#xE9;ficit, lo cual podr&#xED;a propiciar el crecimiento econ&#xF3;mico en M&#xE9;xico.</subfield>
  </datafield>
  <datafield tag="590" ind1=" " ind2=" ">
    <subfield code="a">ALEPH</subfield>
    <subfield code="b">10</subfield>
    <subfield code="c">20130110</subfield>
  </datafield>
  <datafield tag="590" ind1=" " ind2=" ">
    <subfield code="a">BATCH-UPD</subfield>
    <subfield code="b">10</subfield>
    <subfield code="c">20130109</subfield>
  </datafield>
  <datafield tag="590" ind1=" " ind2=" ">
    <subfield code="a">BATCH-UPD</subfield>
    <subfield code="b">10</subfield>
    <subfield code="c">20130110</subfield>
  </datafield>
  <datafield tag="590" ind1=" " ind2=" ">
    <subfield code="a">BATCH-UPD</subfield>
    <subfield code="b">10</subfield>
    <subfield code="c">20130409</subfield>
  </datafield>
  <datafield tag="590" ind1=" " ind2=" ">
    <subfield code="a">BATCH-UPD</subfield>
    <subfield code="b">10</subfield>
    <subfield code="c">20130410</subfield>
  </datafield>
  <datafield tag="590" ind1=" " ind2=" ">
    <subfield code="a">BATCH-UPD</subfield>
    <subfield code="b">10</subfield>
    <subfield code="c">20130914</subfield>
  </datafield>
  <datafield tag="590" ind1=" " ind2=" ">
    <subfield code="a">CONVERSION</subfield>
    <subfield code="b">10</subfield>
    <subfield code="c">20130109</subfield>
  </datafield>
  <datafield tag="650" ind1="1" ind2="4">
    <subfield code="a">Cuesti&#xF3;n monetaria</subfield>
    <subfield code="x">M&#xE9;xico.</subfield>
  </datafield>
  <datafield tag="650" ind1="1" ind2="4">
    <subfield code="a">Deuda p&#xFA;blica</subfield>
    <subfield code="z">M&#xE9;xico.</subfield>
  </datafield>
  <datafield tag="700" ind1="1" ind2=" ">
    <subfield code="a">Mart&#xED;nez Dami&#xE1;n, Miguel &#xC1;ngel</subfield>
    <subfield code="e">director.</subfield>
  </datafield>
  <datafield tag="856" ind1="4" ind2="2">
    <subfield code="u">http://10.13.5.2/tesis/103257.pdf</subfield>
    <subfield code="y">DESCARGAR PDF</subfield>
  </datafield>
  <datafield tag="901" ind1=" " ind2=" ">
    <subfield code="a">BK</subfield>
  </datafield>
  <datafield tag="905" ind1=" " ind2=" ">
    <subfield code="a">Lilia</subfield>
  </datafield>
  <datafield tag="942" ind1=" " ind2=" ">
    <subfield code="c">Tesis</subfield>
    <subfield code="2">Clasificaci&#xF3;n Universidad Aut&#xF3;noma Chapingo</subfield>
  </datafield>
  <datafield tag="949" ind1=" " ind2=" ">
    <subfield code="a">Tesis</subfield>
    <subfield code="b">BC</subfield>
    <subfield code="c">TES</subfield>
    <subfield code="d">00000001032571</subfield>
    <subfield code="e">TS1</subfield>
    <subfield code="h">44643</subfield>
    <subfield code="i">103257</subfield>
    <subfield code="s">b</subfield>
  </datafield>
  <datafield tag="949" ind1=" " ind2=" ">
    <subfield code="a">Tesis</subfield>
    <subfield code="b">BC</subfield>
    <subfield code="c">TES</subfield>
    <subfield code="d">33724000983805</subfield>
    <subfield code="e">TS2</subfield>
    <subfield code="f">c.2</subfield>
    <subfield code="h">44644</subfield>
    <subfield code="i">103257</subfield>
    <subfield code="s">b</subfield>
  </datafield>
  <datafield tag="999" ind1=" " ind2=" ">
    <subfield code="c">91720</subfield>
    <subfield code="d">91720</subfield>
  </datafield>
  <datafield tag="952" ind1=" " ind2=" ">
    <subfield code="0">0</subfield>
    <subfield code="1">0</subfield>
    <subfield code="2">local</subfield>
    <subfield code="4">0</subfield>
    <subfield code="5">3</subfield>
    <subfield code="7">0</subfield>
    <subfield code="8">TESIS</subfield>
    <subfield code="a">BC</subfield>
    <subfield code="b">BC</subfield>
    <subfield code="c">PA_TESIS</subfield>
    <subfield code="d">2019-12-31</subfield>
    <subfield code="f">TESIS</subfield>
    <subfield code="l">1</subfield>
    <subfield code="o">Tesis</subfield>
    <subfield code="p">33724000983805</subfield>
    <subfield code="r">2024-09-24 18:56:04</subfield>
    <subfield code="s">2024-09-20</subfield>
    <subfield code="t">c.2</subfield>
    <subfield code="w">2019-12-31</subfield>
    <subfield code="y">TESIS</subfield>
  </datafield>
  <datafield tag="952" ind1=" " ind2=" ">
    <subfield code="0">0</subfield>
    <subfield code="1">0</subfield>
    <subfield code="2">local</subfield>
    <subfield code="4">0</subfield>
    <subfield code="5">1</subfield>
    <subfield code="7">0</subfield>
    <subfield code="8">TESIS</subfield>
    <subfield code="a">BC</subfield>
    <subfield code="b">BC</subfield>
    <subfield code="c">PA_TESIS</subfield>
    <subfield code="d">2019-12-31</subfield>
    <subfield code="f">TESIS</subfield>
    <subfield code="l">0</subfield>
    <subfield code="o">Tesis</subfield>
    <subfield code="p">00000001032571</subfield>
    <subfield code="r">2019-12-31 00:00:00</subfield>
    <subfield code="w">2019-12-31</subfield>
    <subfield code="y">TESIS</subfield>
  </datafield>
  <datafield tag="952" ind1=" " ind2=" ">
    <subfield code="0">0</subfield>
    <subfield code="1">0</subfield>
    <subfield code="2">local</subfield>
    <subfield code="4">0</subfield>
    <subfield code="5">1</subfield>
    <subfield code="7">0</subfield>
    <subfield code="8">TesdigD</subfield>
    <subfield code="a">BD</subfield>
    <subfield code="b">BD</subfield>
    <subfield code="c">E_L</subfield>
    <subfield code="d">2025-10-16</subfield>
    <subfield code="l">0</subfield>
    <subfield code="o">Tesis digital</subfield>
    <subfield code="r">2025-10-16 14:07:45</subfield>
    <subfield code="w">2025-10-16</subfield>
    <subfield code="y">TD</subfield>
  </datafield>
</record>
